000 00262nam a22001337a 4500
082 _a894.812.3
_bSAB/V
100 _aSABU, E,M
245 _aVAKKALBHAGAM
260 _aALUVA
_bPEN BOOKS
_c2006
300 _a95
520 _aNOVEL
650 _aNOVEL
942 _cBK
999 _c5246
_d5246